Statystyki dla Z jakiego kraju? #4

Kliknij tutaj aby rozwiązać quiz!

Ogólne statystyki

  • Ten quiz został rozwiązany 224 razy
  • Średni wynik to 8 z 14

Statystyki odpowiedzi

Znana osobaKraj% Poprawnych
Angela MerkelNiemcy
99%
Marilyn MonroeStany Zjednoczone
92%
Christopher ColumbusWłochy
69%
Joan MiroHiszpania
65%
Saddam HusseinIrak
60%
Pancho VillaMeksyk
57%
Alanis MorissetteKanada
54%
Eva PeronArgentyna
49%
Gisele BunchenBrazylia
46%
Lady GodivaWielka Brytania
45%
Anwar SadatEgipt
43%
Vigdis FinnbogadottirIslandia
43%
Jean SibeliusFinlandia
25%
Benazir BhuttoPakistan
18%

Rozkład punktacji

Percentyl według liczby udzielonych odpowiedzi

Procent ludzi z każdym wynikiem

Twoja historia wyników

Nie rozwiązałeś tego quizu